Managerial accounting : (Record no. 354656)
[ view plain ]
| 000 -LEADER | |
|---|---|
| fixed length control field | 00372nam a2200121Ia 4500 |
| 008 - FIXED-LENGTH DATA ELEMENTS--GENERAL INFORMATION | |
| fixed length control field | 180205s9999 xx 000 0 und d |
| 020 ## - INTERNATIONAL STANDARD BOOK NUMBER | |
| International Standard Book Number | 9814126764 |
| 100 ## - MAIN ENTRY--PERSONAL NAME | |
| Personal name | Weygandt, Jerry J. |
| 245 ## - TITLE STATEMENT | |
| Title | Managerial accounting : |
| Remainder of title | tools for business decision making / |
| 250 ## - EDITION STATEMENT | |
| Edition statement | 2nd ed |
| 260 ## - PUBLICATION, DISTRIBUTION, ETC. (IMPRINT) | |
| Place of publication, distribution, etc | San Juan, Metro Manila: |
| Name of publisher, distributor, etc | Millennium Books, Inc. |
| Date of publication, distribution, etc | 2002 |
| 300 ## - PHYSICAL DESCRIPTION | |
| Extent | v, 611 pages |
| Withdrawn status | Lost status | Damaged status | Home library | Current library | Shelving location | Date acquired | Source of acquisition | Total Checkouts | Full call number | Barcode | Date last seen | Price effective from | Koha item type |
|---|---|---|---|---|---|---|---|---|---|---|---|---|---|
| Southville International School Affiliated with Foreign Universities Library | Southville International School Affiliated with Foreign Universities Library | Southville Foreign University Section | 02/05/2018 | Library Fund | HF 5657.4 .W49 2002 | SFU0715 | 05/15/2018 | 02/05/2018 | Books |